Rajdowcy F1 - Statystyki

Ogólne statystyki
  • Ten quiz został rozwiązany 10 razy
  • Średni wynik to 14 z 20
Statystyki odpowiedzi
Drużyna Rajdowiec % Poprawnych
Ferrari Charles Leclerc
89%
Aston Martin Fernando Alonso
89%
Ferrari Lewis Hamilton
89%
Red Bull Max Verstappen
89%
Kick Sauber Nico Hulkenberg
89%
Mercedes George Russell
78%
Mercedes Kimi Antonelli
78%
Mclaren Lando Norris
78%
Mclaren Oscar Piastri
78%
Alpine Pierre Gasly
78%
Haas Esteban Ocon
67%
Kick Sauber Gabriel Bortoleto
67%
Rb Racing Isack Hadjar
67%
Aston Martin Lance Stroll
67%
Rb Racing Liam Lawson
67%
Red Bull Yuki Tsunoda
67%
Williams Alex Albon
56%
Alpine Franco Colapinto
56%
Williams Carlos Sainz Jr
44%
Haas Olivier Bearmen
44%
Nie znaleziono quizów pasujących do podanych kryteriów
Rozkład punktacji
Procent ludzi z każdym wynikiem
Percentyl według liczby udzielonych odpowiedzi
Twoja historia wyników
Nie rozwiązałeś tego quizu